Catálogo
 En Linea

Un siglo de agrimensura de la República Dominicana / (Registro nro. 48640)

Detalles MARC
000 -CABECERA
campo de control de longitud fija 00790nam a2200253 a 4500
003 - IDENTIFICADOR DEL NÚMERO DE CONTROL
campo de control DO-SdBNP
005 - FECHA Y HORA DE LA ÚLTIMA TRANSACCIÓN
campo de control 20230308133647.0
007 - CAMPO FIJO DE DESCRIPCIÓN FÍSICA--INFORMACIÓN GENERAL
campo de control de longitud fija ta
008 - DATOS DE LONGITUD FIJA--INFORMACIÓN GENERAL
campo de control de longitud fija 190723s1981 000 spa d
040 ## - FUENTE DE LA CATALOGACIÓN
Centro catalogador/agencia de origen DO-SdBNP
Normas de descripción spa
Centro/agencia transcriptor BNPHU
082 #4 - NÚMERO DE LA CLASIFICACIÓN DECIMAL DEWEY
Número de clasificación 333.087293
Número de documento/Ítem V145s
Número de edición 22
100 1# - ENTRADA PRINCIPAL--NOMBRE DE PERSONA
Nombre de persona Valdez, Jorge
9 (RLIN) 76492
245 10 - MENCIÓN DE TÍTULO
Título Un siglo de agrimensura de la República Dominicana /
Resto del título Jorge Valdez
260 ## - PUBLICACIÓN, DISTRIBUCIÓN, ETC.
Lugar de publicación, distribución, etc. Santo Domingo :
Nombre del editor, distribuidor, etc. Tres,
Fecha de publicación, distribución, etc. 1981.
300 ## - DESCRIPCIÓN FÍSICA
Extensión 224 p. :
Dimensiones 17 cm.
500 ## - NOTA GENERAL
Nota general Incluye índice de notas.
500 ## - NOTA GENERAL
Nota general Incluye tabla de contenido.
590 ## - NOTA LOCAL (RLIN)
Nota local inventariado, 2022 / SA
650 #4 - PUNTO DE ACCESO ADICIONAL DE MATERIA--TÉRMINO DE MATERIA
9 (RLIN) 1630
Término de materia o nombre geográfico como elemento de entrada Agrimensura
Subdivisión de forma Historia
Subdivisión geográfica República Dominicana
650 #4 - PUNTO DE ACCESO ADICIONAL DE MATERIA--TÉRMINO DE MATERIA
Término de materia o nombre geográfico como elemento de entrada Agrimensura
Subdivisión general Legislación
9 (RLIN) 82037
650 #4 - PUNTO DE ACCESO ADICIONAL DE MATERIA--TÉRMINO DE MATERIA
Término de materia o nombre geográfico como elemento de entrada Agrimensura
Subdivisión general Enseñanza
9 (RLIN) 82038
910 ## - DATOS DE OPCIÓN DEL USUARIO (OCLC)
Datos de opción del usuario Saquino
942 ## - ELEMENTOS DE PUNTO DE ACCESO ADICIONAL (KOHA)
Fuente del sistema de clasificación o colocación Dewey Decimal Classification
Tipo de ítem Koha Libro
Existencias
Estado de retiro Estado de pérdida Fuente del sistema de clasificación o colocación Restricciones de uso No para préstamo Código de colección Localización permanente Ubicación/localización actual Ubicación en estantería Fecha de adquisición Fuente de adquisición Signatura topográfica completa Código de barras Fecha visto por última vez Precio válido a partir de Tipo de ítem Koha Nota pública
    Dewey Decimal Classification Excluido de préstamo   Patrimonio Dominicano Biblioteca Nacional Pedro Henríquez Ureña Biblioteca Nacional Pedro Henríquez Ureña En catalogación 03.06.2014 Donado BNPHU PD 333.087293 V145s 2022-3506 20.07.2022 20.07.2022 Libro Perteneció a la biblioteca personal de la familia Reyes Duluc.

Con tecnología Koha